000 00317nam a22001337a 4500
020 _a978-0415006729
041 _aENG
100 _aSoussan.J
245 _aPrimart Resources And Energy In The Third World
260 _aNew York
_bRoutledge London
_c1988
300 _a114
650 _aEOES
856 _uEOES ( 12 )
999 _c1244
_d1244